000
00490nam a2200133Ia 4500
008
100328s9999 xx 000 0 und d
082
_b
68125
100
_a
कापसे हरिश्चंद्र.
245
_a
आयुर्वेदिक औषाी वनस्पती.
260
_b
सन.
630
_a
आयुर्वेदिक औषाी वनस्पती.
730
_a
आयुर्वेदिक औषाी वनस्पती.
942
_c
BOOK
999
_c
553864
_d
553861